Introductory Economics (Record no. 43421)
[ view plain ]
| 000 -LEADER | |
|---|---|
| fixed length control field | 00461nam a22001937a 4500 |
| 005 - DATE AND TIME OF LATEST TRANSACTION | |
| control field | 20250326165418.0 |
| 008 - FIXED-LENGTH DATA ELEMENTS--GENERAL INFORMATION | |
| fixed length control field | 250326b |||||||| |||| 00| 0 eng d |
| 020 ## - INTERNATIONAL STANDARD BOOK NUMBER | |
| International Standard Book Number | 9798886130720 |
| 041 ## - LANGUAGE CODE | |
| Language code of text/sound track or separate title | Eng. |
| 082 ## - DEWEY DECIMAL CLASSIFICATION NUMBER | |
| Classification number | 330 HOA |
| 100 ## - MAIN ENTRY--PERSONAL NAME | |
| Author | Hoag, Arleen J. |
| 245 ## - TITLE STATEMENT | |
| Title | Introductory Economics |
| 250 ## - EDITION STATEMENT | |
| Edition statement | 4th |
| 260 ## - PUBLICATION, DISTRIBUTION, ETC. | |
| Place | Singapore |
| Publisher | World Scientific |
| Publication Year | 2024 |
| 300 ## - PHYSICAL DESCRIPTION | |
| Extent | 505;. P. 25 cm |
| 650 ## - SUBJECT ADDED ENTRY--TOPICAL TERM | |
| Subject | Economics |
| 700 ## - ADDED ENTRY--PERSONAL NAME | |
| Co-Author | Hoag, John H. |
| 942 ## - ADDED ENTRY ELEMENTS (KOHA) | |
| Koha item type | Books |
| Withdrawn status | Lost status | Source of classification or shelving scheme | Damaged status | Not for loan | Home library | Current library | Shelving location | Accession Date | Vendor | Price | Bill number | Total Checkouts | Full call number | Barcode No | Date last seen | Date last checked out | Discount | Bill Date | Koha item type | Suggested By |
|---|---|---|---|---|---|---|---|---|---|---|---|---|---|---|---|---|---|---|---|---|
| Dewey Decimal Classification | IMTN | IMTN | Rack 4-B | 03/19/2025 | Raghav Books Private Limited | 2195.00 | 2374 | 1 | 330 HOA | 33712 | 11/16/2025 | 05/23/2025 | 30 | 02/14/2025 | Books | Dr. Veena Pailwar |